<?xml version="1.0" encoding="UTF-8"?>
<record
    xmlns:xsi="http://www.w3.org/2001/XMLSchema-instance"
    xsi:schemaLocation="http://www.loc.gov/MARC21/slim http://www.loc.gov/standards/marcxml/schema/MARC21slim.xsd"
    xmlns="http://www.loc.gov/MARC21/slim">

  <leader>03364nam a2200553Ia 4500</leader>
  <controlfield tag="001">682</controlfield>
  <controlfield tag="008">241029s9999    xx            000 0 und d</controlfield>
  <datafield tag="010" ind1=" " ind2=" ">
    <subfield code="a">617</subfield>
  </datafield>
  <datafield tag="041" ind1=" " ind2=" ">
    <subfield code="a">Espa&#xF1;ol</subfield>
  </datafield>
  <datafield tag="082" ind1=" " ind2=" ">
    <subfield code="a">NO APLICA</subfield>
  </datafield>
  <datafield tag="245" ind1=" " ind2="0">
    <subfield code="a">Acciones de capacitaci&#xF3;n para mejorar el modelo de estructura oranizativa de la gesti&#xF3;n del Liceo Matutino Juan de Jes&#xFA;s Reyes Mao, a&#xF1;o 2012-2013.</subfield>
  </datafield>
  <datafield tag="260" ind1=" " ind2=" ">
    <subfield code="a">Valverde</subfield>
  </datafield>
  <datafield tag="300" ind1=" " ind2=" ">
    <subfield code="a">96</subfield>
  </datafield>
  <datafield tag="520" ind1=" " ind2=" ">
    <subfield code="a">29</subfield>
  </datafield>
  <datafield tag="630" ind1=" " ind2=" ">
    <subfield code="a">Capacitaci&#xF3;n Docente</subfield>
  </datafield>
  <datafield tag="630" ind1=" " ind2=" ">
    <subfield code="a">Programa de Intervenci&#xF3;n</subfield>
  </datafield>
  <datafield tag="650" ind1=" " ind2=" ">
    <subfield code="a">Capacitaci&#xF3;n Docente</subfield>
  </datafield>
  <datafield tag="690" ind1=" " ind2=" ">
    <subfield code="a">Elaborado</subfield>
  </datafield>
  <datafield tag="700" ind1=" " ind2=" ">
    <subfield code="e">asesor</subfield>
    <subfield code="a">Frias, Edicta</subfield>
  </datafield>
  <datafield tag="700" ind1=" " ind2=" ">
    <subfield code="e">autor</subfield>
    <subfield code="a">Tineo, Ana Mar&#xED;a</subfield>
  </datafield>
  <datafield tag="700" ind1=" " ind2=" ">
    <subfield code="e">autor</subfield>
    <subfield code="a">Mesa, Leonor</subfield>
  </datafield>
  <datafield tag="700" ind1=" " ind2=" ">
    <subfield code="e">asesor</subfield>
    <subfield code="a">Buduen, In&#xE9;s</subfield>
  </datafield>
  <datafield tag="901" ind1=" " ind2=" ">
    <subfield code="a">{"1":"Tineo","2":"Mesa"}</subfield>
    <subfield code="b">{"1":"Ana Mar&#xED;a","2":"Leonor"}</subfield>
  </datafield>
  <datafield tag="902" ind1=" " ind2=" ">
    <subfield code="a">2</subfield>
  </datafield>
  <datafield tag="903" ind1=" " ind2=" ">
    <subfield code="a">{"1":"Buduen","2":"Frias"}</subfield>
    <subfield code="b">{"1":"In&#xE9;s","2":"Edicta"}</subfield>
  </datafield>
  <datafield tag="904" ind1=" " ind2=" ">
    <subfield code="a">Maestr&#xED;a en</subfield>
  </datafield>
  <datafield tag="905" ind1=" " ind2=" ">
    <subfield code="a">Gesti&#xF3;n de Centros Educativos</subfield>
  </datafield>
  <datafield tag="906" ind1=" " ind2=" ">
    <subfield code="a">2</subfield>
  </datafield>
  <datafield tag="907" ind1=" " ind2=" ">
    <subfield code="a">NO APLICA</subfield>
  </datafield>
  <datafield tag="908" ind1=" " ind2=" ">
    <subfield code="a">NO APLICA</subfield>
  </datafield>
  <datafield tag="909" ind1=" " ind2=" ">
    <subfield code="a">Universidad Aut&#xF3;noma de Santo Domingo (UASD)</subfield>
  </datafield>
  <datafield tag="910" ind1=" " ind2=" ">
    <subfield code="a">NULL</subfield>
    <subfield code="b">NULL</subfield>
  </datafield>
  <datafield tag="911" ind1=" " ind2=" ">
    <subfield code="a">["1"]</subfield>
  </datafield>
  <datafield tag="912" ind1=" " ind2=" ">
    <subfield code="a">NO APLICA</subfield>
  </datafield>
  <datafield tag="913" ind1=" " ind2=" ">
    <subfield code="a">NULL</subfield>
  </datafield>
  <datafield tag="914" ind1=" " ind2=" ">
    <subfield code="a">01 de Abril de 2013</subfield>
  </datafield>
  <datafield tag="915" ind1=" " ind2=" ">
    <subfield code="a">31/10/19 11:10</subfield>
  </datafield>
  <datafield tag="916" ind1=" " ind2=" ">
    <subfield code="a">NULL</subfield>
  </datafield>
  <datafield tag="917" ind1=" " ind2=" ">
    <subfield code="a">NULL</subfield>
  </datafield>
  <datafield tag="918" ind1=" " ind2=" ">
    <subfield code="a">NO APLICA</subfield>
  </datafield>
  <datafield tag="919" ind1=" " ind2=" ">
    <subfield code="a">["30","169"]</subfield>
  </datafield>
  <datafield tag="520" ind1=" " ind2=" ">
    <subfield code="a">El desarrollo de la gesti&#xF3;n constituye una exigencia para el eficaz desempe&#xF1;o de los directivos, y por tanto una necesidad de un equipo que trabaje con mayor integraci&#xF3;n de acuerdo en la toma de decisiones, manejan la capacidad de escuchar y de respetar desacuerdos, posean capacidad gerencial, planifiquen acciones de trabajo organizacional, ya que los mismos son piezas &#xE9;ticas fundamentales en el proceso dial&#xE9;ctico de la direcci&#xF3;n educacional. El prop&#xF3;sito fundamental de la investigaci&#xF3;n estuvo orientada en dise&#xF1;ar acciones de capacitaci&#xF3;n para mejorar el modelo de estructura organizativa de la gesti&#xF3;n del Liceo Matutino Juan de Jes&#xFA;s Reyes Mao, a&#xF1;o 2012-2013.&#xA0;El aseguramiento metodol&#xF3;gico de la investigaci&#xF3;n est&#xE1; guiado por el m&#xE9;todo general dial&#xE9;ctico materialista e incluye los siguientes m&#xE9;todos: t&#xE9;cnicos (anal&#xED;tico, inductivo y sist&#xE9;mico), emp&#xED;ricos (observaci&#xF3;n, encuesta y consulta a especialistas) y matem&#xE1;tico (c&#xE1;lculo porcentual). Se tom&#xF3; como muestra el director, diecinueve (19) docentes, doscientos cincuenta y cuatro (254) estudiantes, siete (7) personas del personal administrativo, cinco (5) t&#xE9;cnicos distritales y cinco (5) padres.&#xA0;Se pudo visualizar las deficiencias existentes en cuanto a estructura organizacional de la gesti&#xF3;n educativa, evidenciadas en la afectaci&#xF3;n a los distintos indicadores se&#xF1;alados, hecho que repercute en la calidad de educaci&#xF3;n impartida en el Liceo Matutino Juan de Jes&#xFA;s Reyes en Mao. Es preciso entonces, estudiar las dimensiones mayormente afectadas, como lo son la estructural y la funcional, para revaluarlas y mejorarlas.&#xA0;Se demuestra que las acciones de capacitaci&#xF3;n que parten de un enfoque sist&#xE9;mico y personalizado, implican la superaci&#xF3;n de las dificultades en cuanto a estructura, organizaci&#xF3;n y funcionamiento del sistema de la gesti&#xF3;n del liceo objeto de estudio.</subfield>
  </datafield>
  <datafield tag="921" ind1=" " ind2=" ">
    <subfield code="a">16</subfield>
  </datafield>
  <datafield tag="922" ind1=" " ind2=" ">
    <subfield code="a">16</subfield>
  </datafield>
  <datafield tag="923" ind1=" " ind2=" ">
    <subfield code="a">0</subfield>
  </datafield>
  <datafield tag="924" ind1=" " ind2=" ">
    <subfield code="a">NO APLICA</subfield>
  </datafield>
  <datafield tag="942" ind1=" " ind2=" ">
    <subfield code="c">Tesis</subfield>
  </datafield>
  <datafield tag="999" ind1=" " ind2=" ">
    <subfield code="c">617</subfield>
    <subfield code="d">617</subfield>
  </datafield>
</record>
